| 000 | 00000nam 2200000za 4500 |
| 001 | 9.864216 |
| 003 | CaOODSP |
| 005 | 20221107161500 |
| 007 | cr ||||||||||| |
| 008 | 181105s1978 onc #o f|0| 0 eng d |
| 020 | |z0660017024 |
| 040 | |aCaOODSP|beng |
| 043 | |an-cn--- |
| 086 | 1 |aR61-2/1-18E-PDF|zR61-2/1-18 |
| 100 | 1 |aBaker, Raymond F. |
| 245 | 12|aA campaign of amateurs |h[electronic resource] : |bthe siege of Louisbourg, 1745 / |cby Raymond F. Baker. |
| 246 | 15|aConstruction and occupation of the barracks of the King's Bastion at Louisbourg |
| 260 | |aOttawa : |bNational Historic Parks and Sites Branch, Parks Canada, Indian and Northern Affairs, |c1978. |
| 300 | |a150 p. : |bill. |
| 490 | 1 |aCanadian historic sites: occasional papers in archaeology and history ; |vno. 18 |
| 500 | |aIssued also in French under title: Une campagne d'amateurs :le siège de Louisbourg en 1745. |
| 500 | |aOn added title page: The construction and occupation of the barracks of the King's Bastion at Louisbourg by Blaine Adams. |
| 500 | |aDigitized edition from print [by the History of Parks Canada Electronic Library]. |
| 504 | |aIncludes bibliographic references. |
| 520 | |a"On the morning of 11 May 1745, some 90 transport vessels under escort of a British naval squadron sailed into Gabarus (Gabarouse) Bay on Cape Breton Island. Aboard the transports were nine regiments of hastily raised citizen soldiers from the colonies of Massachusetts, New Hampshire, and Connecticut. They had come to conquer the great French fortress of Louisbourg; in 47days they were to do just that, and shatter the myth of invincibility that had begun to surround the fortress"--Abstract, p. 6. |
| 692 | 07|2gccst|aHistoric sites |
| 692 | 07|2gccst|aCanadian history |
| 700 | 1 |aAdams, Blaine. |
| 710 | 2 |aParks Canada. |
| 710 | 1 |aCanada. |bIndian and Northern Affairs Canada. |
| 775 | 08|tUne champagne d'amateurs |w(CaOODSP)9.864220 |
| 830 | #0|aCanadian historic sites. Occasional papers in archaeology and history ;|vno. 18.|w(CaOODSP)9.842684 |
| 856 | 40|qPDF|s79.87 MB|uhttps://publications.gc.ca/collections/collection_2018/pc/R61-2-1-18-eng.pdf |